[Event "Bern Hotel op 1st"]
[Site "Bern"]
[Date "2006.12.26"]
[Round "4"]
[White "Blakaj, Alush"]
[Black "Jaracz, Barbara"]
[Result "0-1"]
[WhiteElo "2108"]
[BlackElo "2267"]
[PlyCount "66"]
[EventDate "2006.12.26"]
[EventType "swiss"]
[EventRounds "7"]
[EventCountry "SUI"]
[SourceTitle "CBM 116 Extra"]
[Source "ChessBase"]
[SourceDate "2007.03.07"]
[SourceVersion "1"]
[SourceVersionDate "2007.03.07"]
[SourceQuality "1"]

1. c4 e5 2. Nc3 Nf6 3. Nf3 Nc6 4. d4 exd4 5. Nxd4 h6 6. g3 Ne5 7. Qb3 Bc5 8. Nf3 Nxf3+ 9. exf3 0-0 10. Be2 d5 11. cxd5 Bh3 12. Be3 Qe7 13. Bxc5 Qxc5 14. Rg1 Bf5 15. Qc4 Qb6 16. Qb5 Qd6 17. Qc4 a6 18. Rd1 Rfe8 19. Qh4 b5 20. a3 Re5 21. g4 Bc2 22. Rd2 Bb3 23. f4 Re7 24. g5 Ne4 25. Nxe4 Rxe4 26. gxh6 g6 27. Kf1 Rae8 28. Bf3 Rxf4 29. Qg3 Qf6 30. Be2 Rxe2 31. Kxe2 Bc4+ 32. Kd1 Qf5 33. h7+ Kxh7 0-1

[Event "Zuerich op-A 28th"]
[Site "Zuerich"]
[Date "2004.12.??"]
[Round "2"]
[White "Blakaj, Alush"]
[Black "Lekic, Dusan"]
[Result "1-0"]
[WhiteElo "2072"]
[BlackElo "2378"]
[PlyCount "61"]
[EventDate "2004.12.26"]
[EventType "swiss"]
[EventRounds "9"]
[EventCountry "SUI"]
[SourceTitle "EXT 2006"]
[Source "ChessBase"]
[SourceDate "2005.11.24"]
[SourceVersion "1"]
[SourceVersionDate "2005.11.24"]
[SourceQuality "1"]

1. e4 e5 2. Nf3 Nc6 3. d4 exd4 4. Nxd4 Bc5 5. Be3 Qf6 6. c3 Nge7 7. Bc4 Ne5 8. Be2 Qg6 9. 0-0 d6 10. Kh1 0-0 11. f4 Qxe4 12. Bg1 Bxd4 13. cxd4 N5g6 14. Bd3 Qc6 15. f5 Nh4 16. Qg4 Nhxf5 17. Qe2 Qd7 18. Nc3 Nh6 19. Rae1 Ng6 20. h3 b6 21. Be3 Bb7 22. Qh5 Rae8 23. Bxh6 gxh6 24. Rxe8 Rxe8 25. Qxh6 Qe7 26. Bc4 Rf8 27. Bd5 c6 28. Ne4 Qh4 29. Nf6+ Kh8 30. Nh5 Qxd4 31. Rf6 1-0

[Event "Biel MTO op"]
[Site "Biel"]
[Date "2003.07.24"]
[Round "4"]
[White "Mueller, Dieter"]
[Black "Blakaj, Alush"]
[Result "1-0"]
[WhiteElo "2179"]
[BlackElo "2085"]
[PlyCount "41"]
[EventDate "2003.07.19"]
[EventType "swiss"]
[EventRounds "11"]
[EventCountry "SUI"]
[SourceTitle "CBM 095 Extra"]
[Source "ChessBase"]
[SourceDate "2003.09.04"]
[SourceVersion "1"]
[SourceVersionDate "2003.09.04"]
[SourceQuality "1"]

1. e4 e5 2. f4 exf4 3. Nf3 d5 4. exd5 Qxd5 5. Nc3 Qe6+ 6. Be2 c6 7. 0-0 Bd6 8. d4 Ne7 9. Bd3 Qg4 10. Ne4 Bc7 11. Re1 b6 12. Neg5 h6 13. Qe2 Bd8 14. Nxf7 0-0 15. Nxd8 Nd5 16. h3 Qd7 17. Qe4 Nf6 18. Qe6+ Kh8 19. Qxd7 Bxd7 20. Ne6 Rf7 21. Nc7 1-0